[Event "Rheinhessen-ch HT2"]
[Site "Mainz"]
[Date "2009.04.04"]
[Round "1"]
[White "Boden, Marc Pascal"]
[Black "Schaedel, Tim"]
[Result "0-1"]
[WhiteElo "766"]
[BlackElo "1126"]
[PlyCount "28"]
[EventDate "2009.04.04"]
[EventType "swiss"]
[EventRounds "7"]
[EventCountry "GER"]
[SourceTitle "EXT 2011"]
[Source "ChessBase"]
[SourceDate "2010.11.26"]
[SourceVersion "1"]
[SourceVersionDate "2010.11.26"]
[SourceQuality "1"]

1. e4 c5 2. Nf3 Nc6 3. Nc3 d6 4. Bc4 Bg4 5. 0-0 g6 6. d3 Bg7 7. Bd2 Nf6 8. Qe2 0-0 9. h3 Nd4 10. Qd1 Nxf3+ 11. gxf3 Bxh3 12. Re1 Nd7 13. Nd5 e6 14. Nf4 Qg5+ 0-1